| 000 | 01259cam a22003377a 4500 | ||
|---|---|---|---|
| 003 | CHAP | ||
| 005 | 20220329143031.0 | ||
| 008 | 050922s1977 mx a r 00010 spa d | ||
| 010 | _a90963 | ||
| 011 | _a91935 | ||
| 020 | _a96826098872 | ||
| 035 | _a102498 | ||
| 040 | _cCHAP | ||
| 082 | 0 | 4 |
_a658 _bL37 |
| 100 | 0 | 0 |
_aLaris Casillas, Francisco Javier. _964932 |
| 245 | 1 | 0 |
_aAdministración integral _c/por Francisco Javier Laris Casillas |
| 260 |
_aMéxico, D. F. : _bCompañia Editorial Continental, _c1977 |
||
| 300 |
_a329 p. : _bilus., gráfs., cuadros, tablas, diagramas, esquemas |
||
| 590 |
_aBATCH-UPD _b10 _c20130110 _lUCH01 _h0644 |
||
| 590 |
_aBATCH-UPD _b10 _c20130410 _lUCH01 _h0328 |
||
| 590 |
_aBATCH-UPD _b10 _c20130913 _lUCH01 _h1935 |
||
| 590 |
_aCONVERSION _b10 _c20130109 _lUCH01 _h1350 |
||
| 650 | 1 | 4 |
_aAdministración. _9918 |
| 650 | 1 | 4 |
_aAdministración _xEstudio y ensenanza. _9920 |
| 901 | _aBK | ||
| 905 | _aMarco A. Mendoza T. | ||
| 942 | _cLIBRO | ||
| 949 |
_a658 L37 _bBC _cLIBRO _d33724000961835 _eLIBRO _gI.c/e _h107252 _i102498 _si _t$215.00 |
||
| 949 |
_a658 L37 _bBC _cLIBRO _d33724000961843 _eLIBRO _fc.2 _gI.c/e _h107253 _i102498 _si _t$215.00 |
||
| 949 |
_a658 L37 _bBC _cLIBRO _d33724000961900 _eLIBRO _fc.3 _gI.c/e _h107254 _i102498 _si _t$215.00 |
||
| 999 |
_c90963 _d90963 |
||